Detalles MARC
| 000 -LEADER |
| fixed length control field |
03935nam a2200469Ii 4500 |
| 001 - CONTROL NUMBER |
| control field |
DIGIBE1328 |
| 003 - CONTROL NUMBER IDENTIFIER |
| control field |
NyNyDIG |
| 006 - FIXED-LENGTH DATA ELEMENTS--ADDITIONAL MATERIAL CHARACTERISTICS |
| fixed length control field |
m o d |
| 007 - PHYSICAL DESCRIPTION FIXED FIELD--GENERAL INFORMATION |
| fixed length control field |
cr ||||||||||| |
| 008 - FIXED-LENGTH DATA ELEMENTS--GENERAL INFORMATION |
| fixed length control field |
131001s2011 sp a ob 000 0 spa d |
| 020 ## - INTERNATIONAL STANDARD BOOK NUMBER |
| International Standard Book Number |
9783865279101 |
| Qualifying information |
(eBook) |
| 020 ## - INTERNATIONAL STANDARD BOOK NUMBER |
| Canceled/invalid ISBN |
9788484895947 |
| Qualifying information |
(Iberoamericana) |
| 020 ## - INTERNATIONAL STANDARD BOOK NUMBER |
| Canceled/invalid ISBN |
8484895947 |
| Qualifying information |
(Iberoamericana) |
| 020 ## - INTERNATIONAL STANDARD BOOK NUMBER |
| Canceled/invalid ISBN |
9783865276452 |
| Qualifying information |
(Vervuert) |
| 020 ## - INTERNATIONAL STANDARD BOOK NUMBER |
| Canceled/invalid ISBN |
3865276458 |
| Qualifying information |
(Vervuert) |
| 035 ## - SYSTEM CONTROL NUMBER |
| System control number |
(OCoLC)888267443 |
| 040 ## - CATALOGING SOURCE |
| Original cataloging agency |
DGITA |
| Language of cataloging |
eng |
| Description conventions |
pn |
| Transcribing agency |
DGITA |
| 041 0# - LANGUAGE CODE |
| Language code of text/sound track or separate title |
spa |
| Language code of summary or abstract |
eng |
| 043 ## - GEOGRAPHIC AREA CODE |
| Geographic area code |
cl----- |
| 050 14 - LIBRARY OF CONGRESS CALL NUMBER |
| Classification number |
PC4074.8 eBook |
| 245 03 - TITLE STATEMENT |
| Title |
El diálogo oral en el mundo hispanohablante : |
| Remainder of title |
estudios teóricos y aplicados / |
| Statement of responsibility, etc. |
Lars Fant, Ana María Harvey (eds.). |
| 264 #1 - PRODUCTION, PUBLICATION, DISTRIBUTION, MANUFACTURE, AND COPYRIGHT NOTICE |
| Place of production, publication, distribution, manufacture |
Madrid : |
| Name of producer, publisher, distributor, manufacturer |
Iberoamericana ; |
| Place of production, publication, distribution, manufacture |
Frankfurt am Main : |
| Name of producer, publisher, distributor, manufacturer |
Vervuert, |
| Date of production, publication, distribution, manufacture, or copyright notice |
2011. |
| 300 ## - PHYSICAL DESCRIPTION |
| Extent |
1 online resource (319 pages) |
| 336 ## - CONTENT TYPE |
| Content type term |
text |
| Content type code |
txt |
| Source |
rdacontent |
| 337 ## - MEDIA TYPE |
| Media type term |
computer |
| Media type code |
c |
| Source |
rdamedia |
| 338 ## - CARRIER TYPE |
| Carrier type term |
online resource |
| Carrier type code |
cr |
| Source |
rdacarrier |
| 490 1# - SERIES STATEMENT |
| Series statement |
Lengua y sociedad en el mundo hispánico = |
| -- |
Language and society in the Hispanic world ; |
| Volume/sequential designation |
v. 28 |
| 505 0# - FORMATTED CONTENTS NOTE |
| Formatted contents note |
La oralidad y su temática discursiva a partir de 2000 / Ana María Harvey, Lars Fant -- Reconsiderando la teoría y práctica del análisis del diálogo / Per Linell -- Hacia una redefinición de la deixis personal en el español oral : un estudio conversacional / Irene Fonte, Rodney Williamson -- Mitigación del compromiso asertivo y mecanismos argumentativos en la oralidad : los operadores de ebilitamiento / Estrella Montolío Durán -- Modalización discursiva en el diálogo oral / Lars Fant -- Los juicios orales : un subgénero de lo +formal / Antonio Briz -- La oralidad en la situación de juicio : análisis de los rasgos coloquiales en el juicio del 11-M / María Bernal -- ¿No podría hacer otra cosa para que me den el préstamo? : un estudio sociopragmático de interacciones de servicio entre participantes de Lima / Carmen García -- Cómo pedirle dos días de permiso al jefe : el alineamiento pramático de usuarios avanzados de EL2 en diálogos asimétricos / Lars Fant, Fanny Forsberg, Carlos Olave Roco -- La pragmática contrastiva basada en el análisis de corpus : perspectivas desde el lenguaje juvenil / Anna-Brita Stenström, Annette Myre Jørgensen -- Roles en conversaciones poliádicas / Ana María Harvey, Marcela Oyanedel. |
| 520 ## - SUMMARY, ETC. |
| Summary, etc. |
"Partiendo de una concepción dialógica del lenguaje, esta colección de once trabajos dedicados al estudio del discurso oral en español ofrece a analistas del discurso, estudiosos de la interacción verbal y estudiantes universitarios de estas disciplinas un conjunto de contribuciones teóricas y aplicadas representativas del estado de la cuestión y de sus desarrollos más recientes. En su análisis de materiales institucionales y coloquiales, los autores proponen nuevos enfoques teóricos y perspectivas analíticas al dar cuenta del valor de la oralidad como manifestación sociocultural en una variedad de contextos. Recoge trabajos de 15 académicos provenientes de siete países: María Bernal, Antonio Briz, Luis Cortés, Lars Fant, Irene Fonte, Fanny Forsberg, Carmen García, Ana María Harvey, Annette Myre Jørgensen, Per Linell, Estrella Montolio, Carlos Olave, Marcela Oyanedel, Anna-Brita Stenström y Rodney Williamson."--Page 4 of cover. |
| 546 ## - LANGUAGE NOTE |
| Language note |
In Spanish with abstracts in English. |
| 650 #0 - SUBJECT ADDED ENTRY--TOPICAL TERM |
| Topical term or geographic name entry element |
Spanish language |
| General subdivision |
Spoken Spanish |
| -- |
Discourse analysis. |
| 650 #0 - SUBJECT ADDED ENTRY--TOPICAL TERM |
| Topical term or geographic name entry element |
Oral communication |
| Geographic subdivision |
Latin America. |
| 655 #0 - INDEX TERM--GENRE/FORM |
| Genre/form data or focus term |
Electronic books. |
| 700 1# - ADDED ENTRY--PERSONAL NAME |
| Personal name |
Fant, Lars. |
| 700 1# - ADDED ENTRY--PERSONAL NAME |
| Personal name |
Harvey, Anamaria. |
| 791 2# - |
| -- |
Digitalia (Firm), |
| -- |
distributor. |
| 793 0# - |
| -- |
Digitalia eBook Collection: |
| -- |
Iberoamericana/Vervuert. |
| 830 #0 - SERIES ADDED ENTRY--UNIFORM TITLE |
| Uniform title |
Lengua y sociedad en el mundo hispánico ; |
| Volume/sequential designation |
28. |
| 856 40 - ELECTRONIC LOCATION AND ACCESS |
| Materials specified |
Digitalia Hispánica |
| Uniform Resource Identifier |
<a href="https://www.digitaliapublishing.com/a/21045/">https://www.digitaliapublishing.com/a/21045/</a> |
| 910 ## - USER-OPTION DATA (OCLC) |
| User-option data |
Premium Collection: 2007-2012 |
| 942 ## - ADDED ENTRY ELEMENTS (KOHA) |
| Koha item type |
Recurso Electrónico |